Monuments en A (par images) - Statistiques

Statistiques générales
  • Ce quiz a été pris 269 fois
    75 depuis la dernière actualisation
  • Le résultat moyen est 5 sur 13
Statistiques - réponses
Par images Hint Réponse % Correct
France Arc de Triomphe
100%
Belgique Atomium
64%
Cambodge Angkor Vat
57%
France Arènes de Nimes
55%
France Arche de la Défense
51%
Espagne Alhambra
48%
Chine Armée de terre cuite
27%
Égypte (Temples) d'Abou Simbel
24%
États-Unis Atlas
15%
Espagne Alcazar
9%
Italie Arc de Titus
3%
Inde Ajanta
0%
Portugal Alcobaça
0%
Aucun quiz correspondant
Distribution des résultats
% des personnes avec chaque résultat
Percentile par nombre de réponses
Votre historique - résultats
Vous n’avez pas pris ce quiz depuis la dernière actualisation